| 000 | 00531nam a22001937a 4500 | ||
|---|---|---|---|
| 003 | DEla salle | ||
| 005 | 20140310181740.0 | ||
| 008 | 130322t xxu||||| |||| 00| 0 eng d | ||
| 020 | _a9789715119290 | ||
| 050 |
_aBV 4596 _b.H313 2006 |
||
| 082 |
_aTR 241.6765 _bH24 2006 |
||
| 245 |
_aBoy meets girl : _bsay hello to courtship / _cJoshua Harris |
||
| 260 |
_aPhilippines : _bOMF Literature Inc, _cc2006. |
||
| 300 |
_a247 p. _c21 cm. |
||
| 521 | _aFaculty | ||
| 541 | _j1 | ||
| 562 | _e1 | ||
| 942 |
_2lcc _cBK-TR _kTR |
||
| 999 |
_c2726 _d2726 |
||